| Поле | Инд. | ПП | Название | Значение |
|---|---|---|---|---|
| Тип записи | a | |||
| Библиографический уровень | b | |||
| 001 | Контрольный номер | RU/IS/BASE/136387159 | ||
| 005 | Дата корректировки | 20200601191432.4 | ||
| 084 | a | Индекс другой классификации/Индекс ББК | 65.049(2Рос1)-94; 60.561.2 | |
| 100 | 1_ | a | Автор | Аверин А. Н. |
| q | Полное имя | Аверин Александр Николаевич | ||
| 245 | a | Заглавие | Социальные проблемы устойчивого развития российского Севера | |
| 504 | a | Библиография | Лит. в конце статьи | |
| 650 | a | Основная рубрика | региональная экономика | |
| a | Основная рубрика | социология | ||
| a | Основная рубрика | экономика | ||
| a | Основная рубрика | экономическая социология | ||
| 653 | a | Ключевые слова | бедность | |
| a | Ключевые слова | безработица | ||
| a | Ключевые слова | валовой внутренний продукт (ВВП) | ||
| a | Ключевые слова | демографическая ситуация | ||
| a | Ключевые слова | доходы населения | ||
| a | Ключевые слова | заработная плата | ||
| a | Ключевые слова | здоровье населения | ||
| a | Ключевые слова | качество жизни | ||
| a | Ключевые слова | миграции | ||
| a | Ключевые слова | население | ||
| a | Ключевые слова | окружающая среда | ||
| a | Ключевые слова | природные катастрофы | ||
| a | Ключевые слова | продолжительность жизни | ||
| a | Ключевые слова | региональное развитие | ||
| a | Ключевые слова | регионы России | ||
| a | Ключевые слова | Россия | ||
| a | Ключевые слова | Север России | ||
| a | Ключевые слова | социальное развитие | ||
| a | Ключевые слова | степень реализации прав | ||
| a | Ключевые слова | техногенные катастрофы | ||
| a | Ключевые слова | уровень жизни | ||
| a | Ключевые слова | уровень занятости | ||
| a | Ключевые слова | уровень образования | ||
| a | Ключевые слова | устойчивое развитие | ||
| a | Ключевые слова | устойчивое социальное развитие | ||
| a | Ключевые слова | численность населения | ||
| 773 | t | Заглавие источника | Народонаселение | |
| d | Дата издания источника | 2004 | ||
| g | Прочая информация | № 1. - С. 76 - 85 | ||
| w | Контрольный № источника | RU/IS/BASE/136043554 | ||
| 901 | t | Тип документа | b |